Určenie ponukovej ceny uchádzačom vo verejnom obstarávaní

Metódy reálnosti ceny. Transparentnosť vyhodnocovacieho procesu. Príjem ponúk. Komisia na hodnotenie ponúk. Proces otvárania obálok s ponukami. Hodnotenie ponúk - technické a finančné.

Enregistré dans:
Détails bibliographiques
Auteur principal: Bakay, Mikuláš
Format: Chapitre de livre
Langue:slovaque
Sujets:
Tags: Ajouter un tag
Pas de tags, Soyez le premier à ajouter un tag!

MARC

LEADER 00000naa a2200000 4500
001 r046672
005 20230927104608.0
041 0 |a slo 
044 |a SK 
245 1 0 |a Určenie ponukovej ceny uchádzačom vo verejnom obstarávaní  |c Mikuláš Bakay 
520 |a Metódy reálnosti ceny. Transparentnosť vyhodnocovacieho procesu. Príjem ponúk. Komisia na hodnotenie ponúk. Proces otvárania obálok s ponukami. Hodnotenie ponúk - technické a finančné. 
610 2 0 |a obstarávanie verejné 
610 2 0 |a ceny ponukové 
610 2 0 |a procesy rozhodovacie 
610 2 0 |a stavebníctvo 
610 2 0 |a úpravy právne 
100 1 |a Bakay, Mikuláš